Historia del pensamiento
Guardat en:
| Autor principal: | |
|---|---|
| Altres autors: | |
| Format: | Llibre |
| Idioma: | espanyol |
| Publicat: |
Madrid
Aguilar
1958
|
| Matèries: | |
| Etiquetes: |
Afegir etiqueta
Sense etiquetes, Sigues el primer a etiquetar aquest registre!
|
MARC
| LEADER | 00000nam a2200000 a 4500 | ||
|---|---|---|---|
| 001 | UCX1333 | ||
| 003 | CL-VaPUC | ||
| 005 | 20220729125041.0 | ||
| 008 | 900802e19580000SP |||||||||||||||||spa|d | ||
| 999 | |c 222594 |d 222592 | ||
| 040 | |c Pontificia Universidad Católica de Valparaíso | ||
| 082 | 0 | 4 | |a 109 |b CHE |2 21 |
| 100 | |a Chevalier, Jacques |e texte établi, presenté et annoté |9 316813 | ||
| 245 | 1 | 0 | |a Historia del pensamiento |
| 260 | |a Madrid |b Aguilar |c 1958 | ||
| 300 | |a 4 v | ||
| 505 | |a v.1: El pensamiento antiguo. v.2: El pensamiento cristiano. Desde los orígenes hasta el final del siglo XVI. v.3: El pensamiento moderno. De Descartes a Kant. v.4: El pensamiento moderno. De Hegel a Bergson. | ||
| 583 | |a last modification |c 19900802 00:00:00 |k Rodrigo Vera | ||
| 650 | 0 | |a Filosofía |9 223554 | |
| 650 | 0 | |a Historia |9 255047 | |
| 700 | |a Miguez, José Antonio |e traductor |9 863744 | ||
| 942 | |c BK |2 ddc | ||
| 945 | |d 19900802 00:00:00 |a aalvarez | ||
| 952 | |0 0 |1 0 |4 0 |6 109_000000000000000_CHE_1958 |7 0 |8 A |9 217562 |a BIBEDU |b BIBEDU |d 2019-11-15 |h v.1 |i 2864843 |o 109 CHE 1958 |p 2864843 |r 2019-11-15 |w 2019-11-15 |y BK |k FIL | ||
| 952 | |0 0 |1 0 |4 0 |6 109_000000000000000_CHE_1958 |7 0 |8 A |9 217563 |a BIBEDU |b BIBEDU |d 2019-11-15 |h v.1 |i 3123529 |o 109 CHE 1958 |p 3123529 |r 2019-11-15 |w 2019-11-15 |y BK |k FIL | ||
| 952 | |0 0 |1 0 |4 0 |6 109_000000000000000_CHE_1958 |7 0 |8 A |9 217564 |a BIBEDU |b BIBEDU |d 2019-11-15 |h v.3 |i 3098451 |o 109 CHE 1958 |p 3098451 |r 2019-11-15 |w 2019-11-15 |y BK |k FIL | ||
| 952 | |0 0 |1 0 |4 0 |6 109_000000000000000_CHE_1958 |7 0 |8 A |9 217565 |a BIBEDU |b BIBEDU |d 2019-11-15 |h v.4 |i 3122069 |o 109 CHE 1958 |p 3122069 |r 2019-11-15 |w 2019-11-15 |y BK |k FIL | ||
| 952 | |0 0 |1 0 |4 0 |6 109_000000000000000_CHE_1958 |7 0 |8 A |9 217566 |a BIBEDU |b BIBEDU |d 2019-11-15 |h v.2 |i 3172562 |o 109 CHE 1958 |p 3172562 |r 2019-11-15 |w 2019-11-15 |y BK |k FIL | ||
| 952 | |0 0 |1 0 |4 0 |6 109_000000000000000_CHE_1958 |7 0 |8 A |9 217567 |a BIBEDU |b BIBEDU |d 2019-11-15 |h v.2 |i 3070808 |o 109 CHE 1958 |p 3070808 |r 2019-11-15 |w 2019-11-15 |y BK |k FIL | ||
| 952 | |0 0 |1 0 |4 0 |6 109_000000000000000_CHE_1958 |7 0 |8 A |9 217568 |a BIBDER |b BIBDER |d 2019-11-15 |h v.1 |i 1884484 |o 109 CHE 1958 |p 1884484 |r 2023-01-25 |w 2019-11-15 |y BK |k DER | ||